000 00546nam a2200169Ia 4500
008 090201s9999 xx 000 0 und d
010 _aKPL-24883
040 _bमराठी
041 _aमराठी
082 _a45486
_b24883
100 _aप्रभाकर द. मराठे
245 _aअंधार गर्भ
_cप्रभाकर द. मराठे
260 _c2005
_bहेमचंद्र प्रकाशन
300 _a147
_bमोठा
600 _aअंधार गर्भ
942 _cBOOK
999 _c242398
_d242398